Precis de neutronique

Сохранить в:
Библиографические подробности
Главный автор: Reuss, Paul
Формат:
Язык:Vietnamese
Опубликовано: EDP Sciences 2003
Метки: Добавить метку
Нет меток, Требуется 1-ая метка записи!
Thư viện lưu trữ: Mạng thư viện Đại học Đà Nẵng
LEADER 00596nam a2200253 4500
001 000021726
003 18174
005 20150423080406.0
008 150423s2003 viesd
020 |c 00 
041 0 |a vie 
082 1 4 |a 539,7213  |b RE-P 
100 1 |a Reuss, Paul 
245 1 0 |a Precis de neutronique  |c Paul Reuss 
260 |b EDP Sciences  |c 2003 
300 |a tr.  |c cm. 
OWN |a LSP 
999 |a From the UDN01 
TYP |a Monograph 
TYP |a Printed language 
980 |a Mạng thư viện Đại học Đà Nẵng